| 000 | 00614nam a2200205Ia 4500 | ||
|---|---|---|---|
| 005 | 20250508152842.0 | ||
| 008 | 008 250505s9999 xx 000 0 eng d | ||
| 037 | _aTextual | ||
| 040 |
_aFEDL _beng _cFEDL |
||
| 041 |
_aeng _2eng |
||
| 084 |
_a301.2013, JAC _qFEDL |
||
| 100 |
_aJacobs Norman Ed. _9762570 |
||
| 245 | 0 | _aCulture for the millions? : Mass media in modern society | |
| 260 |
_aPrinceton _bD. Van Nostrand Company _c1961 |
||
| 300 | _axxv,200p. | ||
| 650 | _aSociology | ||
| 700 |
_a Lazaresfld Paul Ed. _9762571 |
||
| 942 |
_cTEXL _h301.2013, JAC |
||
| 999 |
_c1339194 _d1339194 |
||